LEADER 01494nam2-2200409---450- 001 990003032060203316 005 20110309134143.0 035 $a000303206 035 $aUSA01000303206 035 $a(ALEPH)000303206USA01 035 $a000303206 100 $a20071211h2006----km-y0itay0103----ba 101 $aita 102 $aIT 105 $a||||||||001yy 200 1 $a<> limiti dell'implementazione del controllo di gestione negli enti locali in assenza di cultura manageriale$fVincenzo Sforza 210 $aRoma$cRirea$d2006 215 $a63 p.$d24 cm 225 2 $aQuaderni monografici Rirea$v50 300 $aSuppl. di.: Rivista italiana di ragioneria e di economia aziendale, fasc.11-12/2006 410 0$1001000205078$aQuaderni monografici Rirea$v, 50 606 0 $aEnti locali$xGestione$xControllo 676 $a352.171 700 1$aSFORZA,$bVincenzo$0299240 801 0$aIT$bsalbc$gISBD 912 $a990003032060203316 951 $a352.171 SFO 1 (IRA 20 240)$b14665/50 E.C.$cIRA 20$d00065623 959 $aBK 969 $aECO 979 $aIANNONE$b90$c20071211$lUSA01$h1041 979 $aRSIAV2$b90$c20081202$lUSA01$h1037 979 $aPATRY$b90$c20110309$lUSA01$h1308 979 $aPATRY$b90$c20110309$lUSA01$h1309 979 $aPATRY$b90$c20110309$lUSA01$h1309 979 $aPATRY$b90$c20110309$lUSA01$h1341 996 $aLimiti dell'implementazione del controllo di gestione negli enti locali in assenza di cultura manageriale$91025916 997 $aUNISA LEADER 02169oam 2200601zu 450 001 9910452987303321 005 20210721054210.0 010 $a1-282-16214-4 010 $a9786612162145 010 $a90-272-9773-8 035 $a(CKB)1000000000549634 035 $a(SSID)ssj0000279127 035 $a(PQKBManifestationID)11223021 035 $a(PQKBTitleCode)TC0000279127 035 $a(PQKBWorkID)10260640 035 $a(PQKB)10933667 035 $a(MiAaPQ)EBC622521 035 $a(EXLCZ)991000000000549634 100 $a20160829d2002 uy 101 0 $aeng 181 $ctxt 182 $cc 183 $acr 200 10$aEnglish Historical Syntax and Morphology: Selected Papers from 11 ICEHL, Santiago de Compostela, 7-11 September 2000 210 31$a[Place of publication not identified]$cJohn Benjamins Publishing Company$d2002 225 0 $aAmsterdam studies in the theory and history of linguistic science. English historical syntax and morphology 300 $aBibliographic Level Mode of Issuance: Monograph 311 $a1-58811-192-X 311 $a90-272-4731-5 606 $aEnglish language$xHistory$vCongresses 606 $aEnglish language$xGrammar, Historical$vCongresses 606 $aEnglish language$xMorphology$vCongresses 606 $aEnglish language$xSyntax$vCongresses 606 $aEnglish Language$2HILCC 606 $aEnglish$2HILCC 606 $aLanguages & Literatures$2HILCC 615 0$aEnglish language$xHistory 615 0$aEnglish language$xGrammar, Historical 615 0$aEnglish language$xMorphology 615 0$aEnglish language$xSyntax 615 7$aEnglish Language 615 7$aEnglish 615 7$aLanguages & Literatures 676 $a420/.9 702 $aPe?rez-Guerra$b Javier 702 $aFanego$b Teresa 702 $aLópez-Couso$b María José 712 12$aInternational Conference on English Historical Linguistics 801 0$bPQKB 906 $aBOOK 912 $a9910452987303321 996 $aEnglish Historical Syntax and Morphology: Selected Papers from 11 ICEHL, Santiago de Compostela, 7-11 September 2000$92277096 997 $aUNINA